<?xml version="1.0" encoding="UTF-8"?>
<record
    xmlns:xsi="http://www.w3.org/2001/XMLSchema-instance"
    xsi:schemaLocation="http://www.loc.gov/MARC21/slim http://www.loc.gov/standards/marcxml/schema/MARC21slim.xsd"
    xmlns="http://www.loc.gov/MARC21/slim">

  <leader>01106    a2200217   4500</leader>
  <controlfield tag="005">20080922145959.0</controlfield>
  <controlfield tag="008">080922t        xxu||||| |||| 00| 0 hin d</controlfield>
  <datafield tag="010" ind1=" " ind2=" ">
    <subfield code="a">HIN-81320</subfield>
  </datafield>
  <datafield tag="020" ind1=" " ind2=" ">
    <subfield code="c">200.00</subfield>
    <subfield code="a">8176751715</subfield>
  </datafield>
  <datafield tag="035" ind1=" " ind2=" ">
    <subfield code="a">HN-53666</subfield>
  </datafield>
  <datafield tag="037" ind1=" " ind2=" ">
    <subfield code="b">D.B.Act / pub</subfield>
  </datafield>
  <datafield tag="082" ind1=" " ind2=" ">
    <subfield code="a">821.08</subfield>
  </datafield>
  <datafield tag="245" ind1=" " ind2=" ">
    <subfield code="a">&#x928;&#x93F;&#x930;&#x93E;&#x932;&#x93E;  : &#x90F;&#x915; &#x92A;&#x941;&#x928;&#x930;&#x94D;&#x92E;&#x942;&#x932;&#x94D;&#x92F;&#x93E;&#x902;&#x915;&#x928;</subfield>
    <subfield code="c">&#x938;&#x902;&#x92A;&#x93E;&#x926;&#x915; &#x90F;. &#x905;&#x930;&#x935;&#x93F;&#x902;&#x926;&#x93E;&#x915;&#x94D;&#x937;&#x928;</subfield>
  </datafield>
  <datafield tag="246" ind1=" " ind2=" ">
    <subfield code="a">Nirala:ek Punarmulyankan</subfield>
    <subfield code="b">Ed by A. Arvindakshan</subfield>
  </datafield>
  <datafield tag="260" ind1=" " ind2=" ">
    <subfield code="a">&#x92A;&#x902;&#x91A;&#x915;&#x942;&#x932;&#x93E;</subfield>
    <subfield code="b">&#x906;&#x927;&#x93E;&#x930;  &#x92A;&#x94D;&#x930;&#x915;&#x93E;&#x936;&#x928;</subfield>
    <subfield code="c">2006</subfield>
  </datafield>
  <datafield tag="270" ind1=" " ind2=" ">
    <subfield code="a">&#x90F;&#x938;.&#x938;&#x940;.&#x90F;&#x92B;.267, &#x938;&#x947;&#x915;&#x94D;&#x91F;&#x930;-16</subfield>
    <subfield code="b">&#x92A;&#x902;&#x91A;&#x915;&#x942;&#x932;&#x93E; (&#x939;&#x930;&#x93F;&#x92F;&#x93E;&#x923;&#x93E;)</subfield>
    <subfield code="e">134113</subfield>
  </datafield>
  <datafield tag="300" ind1=" " ind2=" ">
    <subfield code="a">180&#x92A;&#x943;</subfield>
    <subfield code="c">22 &#x938;&#x947;&#x92E;&#x940; (&#x938;&#x91C;&#x93F;&#x932;&#x94D;&#x926;)</subfield>
  </datafield>
  <datafield tag="700" ind1=" " ind2=" ">
    <subfield code="a">&#x905;&#x930;&#x935;&#x93F;&#x902;&#x926;&#x93E;&#x915;&#x94D;&#x937;&#x928;, &#x90F;.</subfield>
  </datafield>
  <datafield tag="942" ind1=" " ind2=" ">
    <subfield code="a">dpl</subfield>
    <subfield code="c">HN</subfield>
    <subfield code="k">821.08 / &#x928;&#x93F;&#x930;&#x93E;&#x932;&#x93E;</subfield>
    <subfield code="2">ddc</subfield>
    <subfield code="h">821.08 </subfield>
    <subfield code="m">&#x928;&#x93F;&#x930;&#x93E;&#x932;&#x93E;</subfield>
  </datafield>
  <datafield tag="999" ind1=" " ind2=" ">
    <subfield code="c">8176</subfield>
    <subfield code="d">8176</subfield>
  </datafield>
  <datafield tag="952" ind1=" " ind2=" ">
    <subfield code="0">0</subfield>
    <subfield code="1">0</subfield>
    <subfield code="2">ddc</subfield>
    <subfield code="4">0</subfield>
    <subfield code="7">0</subfield>
    <subfield code="a">DBAD</subfield>
    <subfield code="b">DBAD</subfield>
    <subfield code="d">2008-09-22</subfield>
    <subfield code="g">200.00</subfield>
    <subfield code="l">0</subfield>
    <subfield code="o">821.08  &#x928;&#x93F;&#x930;&#x93E;&#x932;&#x93E;</subfield>
    <subfield code="p">HN-53666</subfield>
    <subfield code="r">2008-09-15 00:00:00</subfield>
    <subfield code="t">1</subfield>
    <subfield code="u">9080</subfield>
    <subfield code="v">200.00</subfield>
    <subfield code="w">2008-09-15</subfield>
    <subfield code="y">HN</subfield>
  </datafield>
</record>
